Gaming Quiz

Random Gaming or Pokémon Quiz

Can you name the no additional effect moves in Pokemon Quiz Stats

 Plays Quiz not verified by Sporcle

Score 0/28 Timer 10:00
0 Plays Today
Type Move % Correct
NormalTackle
88.5%
WaterWater Gun
80.3%
GrassVine Whip
80.3%
NormalPound
73.8%
NormalScratch
73.8%
Dragon Dragon Claw
73.8%
FlyingWing Attack
68.9%
FlyingPeck
65.6%
RockRock Throw
63.9%
DragonDragon Pulse
57.4%
FairyFairy Wind
55.7%
NormalCut
50.8%
WaterHydro Pump
50.8%
NormalSlam
45.9%
Type Move % Correct
NormalMega Punch
44.3%
FlyingDrill Peck
44.3%
NormalStrength
42.6%
NormalMega Kick
41%
BugMegahorn
41%
GrassPower Whip
39.3%
WaterAqua Tail
36.1%
GrassSeed Bomb
34.4%
NormalEgg Bomb
32.8%
RockPower Gem
32.8%
NormalHyper Voice
24.6%
NormalVice Grip
23%
NormalHorn Attack
19.7%
GroundLand's Wrath
18%

You're not logged in!

Compare scores with friends on all Sporcle quizzes.
OR
Log In

Sporcle TV

Today on Sporcle TV


Watch our educational content, quiz creation guides, and fun videos on Sporcle TV.

Show Comments

Extras

Created Aug 5, 2016ReportNominate
Tags:Pokémon Quiz, effect

Top Quizzes Today


Score Distribution

Your Account Isn't Verified!

In order to create a playlist on Sporcle, you need to verify the email address you used during registration. Go to your Sporcle Settings to finish the process.

Report this User

Report this user for behavior that violates our Community Guidelines.

Details: